Anita dona de casa (Registo nº 1930)

Detalhes MARC
000 -Etiqueta do registo
Cabeçalho 00807nam a22002891 4500
005 - Identificador da versão
Campo de controlo 20240813121920.0
095 ## -
-- PTBN00026520
021 ## - Número do Depósito Legal
Código do país PT
100 ## - Dados gerais de processamento
Dados gerais de processamento 20070530ds.d. bc y0pory5003 ba
102 ## - Pais de publicação ou produção
País de publicação Portugal
101 1# - Língua de publicação
Língua do texto, banda sonora, etc. Português
Língua do documento no original Francês
106 ## - Campo de dados codificados: material textual
Dados codificados do material textual r
105 ## - Campo de dados codificados: livros
Dados codificados dos livros a z 000fy
215 ## - Descrição física 
Indicação específica da natureza do documento e extensão da espécie 18, [1] p.
Outras indicações físicas muito il.
Dimensões 26 cm
200 1# - Titulo e menção de responsabilidade
Título próprio Anita dona de casa
Primeira menção de responsabilidade texto de Gilbert Delahaye
Outras menções de responsabilidade aguarelas de Marcel Marlier
225 2# - Colecção 
Título próprio da colecção Verbo infantil
Indicação de volume 1
210 ## - Publicação, Distribuição, etc. 
Lugar da edição, distribuição, etc. Lisboa
Nome do editor, distribuidor, etc. Verbo
Data da publicação, distribuição, etc. s.d.
606 ## - Nome comum usado como assunto
Número de registo de entrada de autoridade 0000001
Palavra de ordem Literatura estrangeira infantil
Subdivisão de assunto Conto
675 ## - Classificação Decimal Universal (CDU)
Notação 82-34
Edição
Língua da edição por
701 #1 - Nome de autor-pessoa física (co-responsabilidade principal)
Palavra de ordem Marlier
Outra parte do nome não tomada para palavra de ordem Marcel
Código de função Ilustrador / Técnico de desenho computorizado
700 #1 - Nome de autor-pessoa física (responsabilidade principal)
Número de registo de entrada de autoridade 0000545
Palavra de ordem Delahaye
Outra parte do nome não tomada para palavra de ordem Gilbert
Datas 1923-
942 ## - Elementos de entrada adicionados (Koha)
Tipo de item no Koha Livro
Exemplares
Situação do levantamento Origin of item (home branch) (coded) Biblioteca de empréstimo Código de barras Cota Circulation type (not for loan) Tipo de documento Nota do exemplar Damaged status
  Biblioteca Escolar da Coca Maravilhas Biblioteca Escolar da Coca Maravilhas BECM2249/94 8EST ANI   Livro Sem mensagem  
  Biblioteca Escolar da Coca Maravilhas Biblioteca Escolar da Coca Maravilhas BECM3356/97 8EST ANI   Livro Sem mensagem